[Event "RUS-Cup07"]
[Site "Tomsk"]
[Date "1998.??.??"]
[Round "8"]
[White "Belousov, Andrey E"]
[Black "Kanatov, Askar"]
[Result "1-0"]
[WhiteElo "2225"]
[BlackElo "2285"]
[PlyCount "65"]
[EventDate "1998.07.15"]
[EventType "swiss"]
[EventRounds "9"]
[EventCountry "RUS"]
[SourceTitle "EXT 2000"]
[Source "ChessBase"]
[SourceDate "1999.11.16"]
[SourceVersion "1"]
[SourceVersionDate "1999.11.16"]
[SourceQuality "1"]

1. e4 e6 2. d4 d5 3. Nc3 Bb4 4. Qd3 dxe4 5. Qxe4 Nf6 6. Qh4 Qd5 7. Bd2 Bxc3 8. Bxc3 Nbd7 9. Nf3 Qe4+ 10. Qxe4 Nxe4 11. Bd3 Nxc3 12. bxc3 b6 13. Be4 Rb8 14. 0-0-0 f6 15. Bc6 Bb7 16. Rhe1 Ke7 17. d5 e5 18. Nd4 Nc5 19. f4 e4 20. f5 Kd6 21. Ne6 Bc8 22. Nxg7 Rg8 23. Ne8+ Ke5 24. Nxc7 Bd7 25. Bxd7 Nxd7 26. d6 Rxg2 27. Rd4 Nc5 28. d7 Rd8 29. Rd5+ Kf4 30. Ne6+ Nxe6 31. fxe6 Rg7 32. Rf1+ Ke3 33. Rdd1 1-0

[Event "RUS-Cup07"]
[Site "Tomsk"]
[Date "1998.??.??"]
[Round "6"]
[White "Belousov, Andrey E"]
[Black "Mukhaev, Aleksander"]
[Result "1-0"]
[WhiteElo "2225"]
[BlackElo "2280"]
[PlyCount "95"]
[EventDate "1998.07.15"]
[EventType "swiss"]
[EventRounds "9"]
[EventCountry "RUS"]
[SourceTitle "EXT 2000"]
[Source "ChessBase"]
[SourceDate "1999.11.16"]
[SourceVersion "1"]
[SourceVersionDate "1999.11.16"]
[SourceQuality "1"]

1. d4 d5 2. Nf3 c6 3. Nc3 Nf6 4. Bg5 Qb6 5. Rb1 Ne4 6. Bd2 Nd7 7. e3 Ndf6 8. Be2 e6 9. 0-0 Bd6 10. Nxe4 dxe4 11. Ne5 Qc7 12. Bc3 Nd5 13. g3 b5 14. Be1 Bxe5 15. dxe5 Qxe5 16. c4 bxc4 17. Qa4 0-0 18. Qxc6 Rb8 19. Bc3 Qf5 20. Qxc4 Rb6 21. Qa4 e5 22. Rfd1 Nxc3 23. bxc3 Rh6 24. Bf1 Qh5 25. h4 Qg4 26. Bg2 Bf5 27. Qxa7 g5 28. hxg5 Rc6 29. Qa5 Re6 30. Rd5 Rfe8 31. Qa4 Qxg5 32. Bxe4 Qg4 33. Rb4 Rc8 34. Bxf5 Qxf5 35. Kg2 Rf6 36. Rg4+ Kh8 37. Rd2 Qf3+ 38. Kg1 Rb8 39. Qe4 Rb1+ 40. Qxb1 Qxg4 41. Qb8+ Kg7 42. Qxe5 Qf3 43. c4 h5 44. Qd5 Qg4 45. Rd4 Qe2 46. Qg5+ Rg6 47. Qe5+ Kh7 48. Rd8 1-0

[Event "RUS-Cup07"]
[Site "Tomsk"]
[Date "1998.??.??"]
[Round "3"]
[White "Karpov, Alexey"]
[Black "Belousov, Andrey E"]
[Result "0-1"]
[WhiteElo "2120"]
[BlackElo "2225"]
[PlyCount "138"]
[EventDate "1998.07.15"]
[EventType "swiss"]
[EventRounds "9"]
[EventCountry "RUS"]
[SourceTitle "EXT 2000"]
[Source "ChessBase"]
[SourceDate "1999.11.16"]
[SourceVersion "1"]
[SourceVersionDate "1999.11.16"]
[SourceQuality "1"]

1. e4 e6 2. d4 d5 3. Nd2 dxe4 4. Nxe4 Nd7 5. Nf3 Be7 6. Bd3 Ngf6 7. 0-0 b6 8. Re1 Bb7 9. Bf4 0-0 10. c3 h6 11. Nxf6+ Nxf6 12. Ne5 c5 13. dxc5 Bxc5 14. Bb5 a6 15. Bc6 Bxc6 16. Nxc6 Qd5 17. Qxd5 Nxd5 18. Bg3 Rac8 19. Na7 Ra8 20. Nc6 Rfc8 21. Ne5 Rd8 22. Rad1 Rac8 23. Nd3 Be7 24. f3 b5 25. a3 Nb6 26. Be5 Nc4 27. Bd4 Bf6 28. Bxf6 gxf6 29. b4 a5 30. bxa5 Nxa5 31. Nf2 Rxd1 32. Rxd1 f5 33. Rb1 Rxc3 34. Nd1 Rd3 35. h3 Kg7 36. Nf2 Rxa3 37. Rxb5 Nc4 38. Rb1 Rc3 39. f4 Ne3 40. Nd1 Nxd1 41. Rxd1 Rc4 42. g3 Rc2 43. Rd7 Kg6 44. Ra7 f6 45. Ra6 Re2 46. Kf1 Re4 47. Kf2 e5 48. fxe5 Rxe5 49. Kf3 Re1 50. Kf2 Rb1 51. Kf3 Kg5 52. Ra5 Rb3+ 53. Kf2 h5 54. Ra4 Rb2+ 55. Kf3 Rb3+ 56. Kf2 Rb1 57. h4+ Kg6 58. Kf3 Re1 59. Ra7 Re4 60. Rb7 Rg4 61. Rb8 f4 62. gxf4 Rxh4 63. Ke4 Rh1 64. f5+ Kg7 65. Rb7+ Kh6 66. Rf7 Rh4+ 67. Kd5 Kg5 68. Ke6 Re4+ 69. Kd5 Re5+ 0-1

[Event "Seversk"]
[Site "Seversk"]
[Date "1997.??.??"]
[Round "4"]
[White "Belousov, Andrey E"]
[Black "Filippov, Valerij"]
[Result "0-1"]
[WhiteElo "2245"]
[BlackElo "2510"]
[PlyCount "85"]
[EventDate "1997.??.??"]
[EventType "tourn"]
[EventRounds "13"]
[EventCountry "RUS"]
[EventCategory "8"]
[SourceTitle "EXT 2000"]
[Source "ChessBase"]
[SourceDate "1999.11.16"]
[SourceVersion "1"]
[SourceVersionDate "1999.11.16"]
[SourceQuality "1"]

1. Nf3 d5 2. g3 Bg4 3. Bg2 c6 4. 0-0 Nd7 5. d4 Ngf6 6. Nbd2 e6 7. c4 Be7 8. Re1 0-0 9. b3 a5 10. e4 Bb4 11. exd5 exd5 12. Re3 Re8 13. Nf1 Ne4 14. Qc2 a4 15. c5 Qf6 16. a3 Bxc5 17. Bb2 Bd6 18. N1d2 Bf5 19. Qd1 h6 20. bxa4 Nb6 21. Nxe4 dxe4 22. Nd2 Nxa4 23. Qb3 Nxb2 24. Qxb2 Bc5 25. Nb3 Bb6 26. Rb1 Rad8 27. a4 c5 28. Nd2 cxd4 29. Rxe4 Ba5 30. Rxe8+ Rxe8 31. Rd1 Bc3 32. Qc1 b6 33. Nb1 Bb4 34. Qc4 Bc5 35. a5 Bg4 36. Rf1 Be2 37. Qa4 b5 38. Qc2 Re5 39. Qd2 d3 40. Nc3 Bxf1 41. Bxf1 Re2 42. Qf4 Qxf4 43. gxf4 0-1

[Event "Seversk"]
[Site "Seversk"]
[Date "1997.??.??"]
[Round "1"]
[White "Belousov, Andrey E"]
[Black "Komliakov, Viktor"]
[Result "0-1"]
[WhiteElo "2245"]
[BlackElo "2460"]
[PlyCount "158"]
[EventDate "1997.??.??"]
[EventType "tourn"]
[EventRounds "13"]
[EventCountry "RUS"]
[EventCategory "8"]
[SourceTitle "EXT 2000"]
[Source "ChessBase"]
[SourceDate "1999.11.16"]
[SourceVersion "1"]
[SourceVersionDate "1999.11.16"]
[SourceQuality "1"]

1. e4 g6 2. d4 Bg7 3. Nc3 c6 4. Bc4 d6 5. Bb3 Nf6 6. Nf3 0-0 7. Bg5 h6 8. Bf4 d5 9. exd5 cxd5 10. 0-0 Bg4 11. h3 Bxf3 12. Qxf3 e6 13. Qe3 Kh7 14. Na4 Nc6 15. Rfd1 b6 16. Be5 Na5 17. Nc3 Rc8 18. Qd3 Qe7 19. Qa6 Rfd8 20. Nb5 Nc6 21. Bd6 Qd7 22. c3 Ne8 23. Bg3 Ra8 24. Bc2 Qc8 25. Qxc8 Rdxc8 26. Bd3 Bf8 27. a4 a6 28. Na3 Bd6 29. Bxd6 Nxd6 30. Nb1 Na5 31. Nd2 Kg7 32. Re1 Kf6 33. f3 h5 34. g3 b5 35. axb5 axb5 36. Kf2 Nac4 37. Bxc4 bxc4 38. Nf1 Rcb8 39. Rxa8 Rxa8 40. Ne3 Ra2 41. Nd1 h4 42. g4 g5 43. Ke3 Ke7 44. Re2 f6 45. Kd2 Nf7 46. Ke3 Ra1 47. Rd2 Nh8 48. Nf2 Ng6 49. Rd1 Ra2 50. Rb1 Nf4 51. Kd2 Kd6 52. Kc2 Ra7 53. Rd1 Ng6 54. Rd2 Ra5 55. Rd1 e5 56. Rd2 Ke6 57. Rd1 Ne7 58. Re1 Nc6 59. Kb1 Kf7 60. dxe5 fxe5 61. Nd1 Ke6 62. Ne3 Ne7 63. Kc2 Ng6 64. Ng2 Ra7 65. Kd2 Kd6 66. Ke3 Ra2 67. Rb1 Nf8 68. Ne1 Ne6 69. Nc2 Nf4 70. Nb4 Ra4 71. Rh1 Ra8 72. Kd2 Ne6 73. Rd1 d4 74. cxd4 exd4 75. Nc2 Rb8 76. Kc1 d3 77. Ne3 Kc5 78. Ng2 Nd4 79. Ne1 Ne2+ 0-1

[Event "Seversk"]
[Site "Seversk"]
[Date "1997.??.??"]
[Round "8"]
[White "Belousov, Andrey E"]
[Black "Yurtaev, Leonid"]
[Result "0-1"]
[WhiteElo "2245"]
[BlackElo "2495"]
[PlyCount "100"]
[EventDate "1997.??.??"]
[EventType "tourn"]
[EventRounds "13"]
[EventCountry "RUS"]
[EventCategory "8"]
[SourceTitle "EXT 2000"]
[Source "ChessBase"]
[SourceDate "1999.11.16"]
[SourceVersion "1"]
[SourceVersionDate "1999.11.16"]
[SourceQuality "1"]

1. e4 g6 2. d4 Bg7 3. Nc3 c6 4. Nf3 d5 5. e5 Bg4 6. h3 Bxf3 7. Qxf3 e6 8. h4 Qb6 9. Ne2 c5 10. c3 Nc6 11. Qd3 cxd4 12. cxd4 Nge7 13. Qb3 Qxb3 14. axb3 Nf5 15. Be3 f6 16. exf6 Bxf6 17. h5 Ncxd4 18. Nxd4 Nxd4 19. Bxd4 Bxd4 20. 0-0-0 Bxf2 21. hxg6 h6 22. Kb1 Ke7 23. Rd3 Rag8 24. Rf3 Bd4 25. Rf7+ Kd6 26. Bd3 Rg7 27. Rhf1 Rhg8 28. R1f4 Bb6 29. Rf3 Bd8 30. Rxg7 Rxg7 31. Rf8 Bg5 32. Rh8 e5 33. Bf5 e4 34. Rh7 Rxh7 35. gxh7 Bf6 36. Bc8 b5 37. b4 d4 38. Kc2 d3+ 39. Kd2 Kd5 40. Ke3 Bd4+ 41. Kd2 Bxb2 42. Bb7+ Kc4 43. Bxe4 Bc3+ 44. Kc1 d2+ 45. Kc2 Kxb4 46. Bd5 a5 47. g4 Ka3 48. Bf3 b4 49. Bd1 a4 50. Bf3 Bg7 0-1

[Event "Seversk"]
[Site "Seversk"]
[Date "1997.??.??"]
[Round "7"]
[White "Belozerov, Andrei"]
[Black "Belousov, Andrey E"]
[Result "1/2-1/2"]
[WhiteElo "2420"]
[BlackElo "2245"]
[PlyCount "44"]
[EventDate "1997.??.??"]
[EventType "tourn"]
[EventRounds "13"]
[EventCountry "RUS"]
[EventCategory "8"]
[SourceTitle "EXT 2000"]
[Source "ChessBase"]
[SourceDate "1999.11.16"]
[SourceVersion "1"]
[SourceVersionDate "1999.11.16"]
[SourceQuality "1"]

1. d4 Nf6 2. c4 e6 3. g3 d5 4. Bg2 dxc4 5. Nf3 c5 6. 0-0 Nc6 7. Ne5 Nxe5 8. dxe5 Qxd1 9. Rxd1 Nd7 10. f4 Rb8 11. a4 g5 12. Na3 gxf4 13. gxf4 Rg8 14. Kf1 f6 15. exf6 Nxf6 16. Nxc4 Be7 17. b3 b6 18. Bc6+ Bd7 19. Rxd7 Nxd7 20. Ne5 Rd8 21. Bb2 Bf6 22. Nxd7 Bxb2 1/2-1/2

[Event "Seversk"]
[Site "Seversk"]
[Date "1997.??.??"]
[Round "2"]
[White "Egin, Vladimir"]
[Black "Belousov, Andrey E"]
[Result "1/2-1/2"]
[WhiteElo "2425"]
[BlackElo "2245"]
[PlyCount "42"]
[EventDate "1997.??.??"]
[EventType "tourn"]
[EventRounds "13"]
[EventCountry "RUS"]
[EventCategory "8"]
[SourceTitle "EXT 2000"]
[Source "ChessBase"]
[SourceDate "1999.11.16"]
[SourceVersion "1"]
[SourceVersionDate "1999.11.16"]
[SourceQuality "1"]

1. e4 e5 2. Nf3 Nc6 3. Nc3 Nf6 4. Bb5 Bc5 5. 0-0 0-0 6. Nxe5 Nxe5 7. d4 Bd6 8. f4 Nc6 9. e5 Be7 10. d5 Nb4 11. exf6 Bxf6 12. a3 Bxc3 13. bxc3 Nxd5 14. Qxd5 c6 15. Qd3 cxb5 16. Qxb5 Qf6 17. Qe5 Qxe5 18. fxe5 b6 19. Bf4 Ba6 20. Rfd1 Bb5 21. Rd6 Bc6 1/2-1/2